000 00846nam a2200253Ia 4500
003 OSt
005 20220923220658.0
006 a|||||r|||| 00| 0
007 ta
008 220922b |||||||| |||| 00| 0 hin d
024 _a189,083
037 _cTextual
040 _aARTS
_cARTS
_bhin
041 _2hin
_ahin
082 _aO152,2N05,NF, K2
100 _aवर्मा, राम कुमार
245 0 _aनाना फडनवीस
246 _aNānā faḍanavīsa
260 _aइलाहाबाद
_b प्रकाशन तथा पुस्तक विक्रेता
_c1962
300 _a90]12 पृ.
_ccm.
650 _aहिन्दी साहित्य
_9156264
942 _hO152,2N05,NF, K2
_cTEXL
_2CC
999 _c341952
_d341952